NHL General Knowledge Test - Statistics

General Stats
  • This quiz has been taken 119 times
  • The average score is 19 of 21
Answer Stats
Question Answer % Correct
How long is a minor penalty? 2 Minutes
99%
How many periods are in a typical game? 3
99%
How many men are on the ice for one team? 6
99%
How long is one period? 20 Minutes
98%
What position is the player in the net? Goalie
98%
What 2 U.S. states have the most teams? New York
98%
What team plays in Toronto? Maple Leafs
97%
What is it called when a player is sent to another team? A Trade
95%
How many teams are in the NHL? 32
94%
How many officials are in a NHL game? 4
94%
Where do players go to serve a penalty? Penalty Box
94%
Where do players sit during the game? the Bench
94%
What is the oldest NHL team? Montreal Canadiens
93%
What happens if a game is tied? Overtime
93%
What machine cleans and smooths the ice? Zamboni
93%
California
92%
What type of building is hockey played in? Arena
89%
What happens to resume/start play? Faceoff
78%
What is the big screen above the ice? Jumbotron
77%
What happens in between periods? Intermission
66%
What are players called if they aren't playing in a game? Scratched
60%
No matching quizzes found
Score Distribution
Percent of People with Each Score
Percentile by Number Answered
Your Score History
You have not taken this quiz